书目信息 |
| 题名: |
光弹性贴片法
|
|
| 作者: | 赞德曼 , Zandm 著 ;黄杰藩 , 高瑞亭 译 | |
| 分册: | ||
| 出版信息: | 北京 机械工业出版社 1980 |
|
| 页数: | 182页 | |
| 开本: | 19cm | |
| 丛书名: | ||
| 单 册: | ||
| 中图分类: | TG115.5 | |
| 科图分类: | ||
| 主题词: | 金属—光弹性试验 , 光弹性试验—金属 , 金属学 , 物理冶金学 | |
| 电子资源: | ||
| ISBN: | ||
| 000 | 00918nam0 2200325 45 981 | |
| 001 | 0639210469 | |
| 005 | 20060911105357.23 | |
| 010 | @dCNY0.66 | |
| 091 | @a15033.4756 | |
| 100 | @a19981006 m 0 | |
| 101 | 1 | @achi@ceng |
| 102 | @aCN@b110000 | |
| 105 | @ay z 000yy | |
| 106 | @ar | |
| 200 | 10 | @a光弹性贴片法@Aguang tan xing tie pian fa@f(美)赞德曼,Zandm著@g高瑞亭,黄杰藩译 |
| 210 | @a北京@c机械工业出版社@d1980 | |
| 215 | @a182页@d19cm | |
| 300 | @a书名原文:Photoelastic coatings | |
| 517 | 1 | @aPhotoelastic coatings@zeng |
| 606 | @a金属—光弹性试验 | |
| 606 | @a光弹性试验—金属 | |
| 606 | 0 | @a金属学 |
| 606 | 0 | @a物理冶金学 |
| 690 | @aTG115.5@v3 | |
| 701 | 1 | @a赞德曼@bF.@f美@4著@Azan de man |
| 701 | A1 | @aZandm@bF.@4著@AZandm |
| 702 | 0 | @a黄杰藩@4译@Ahuang jie fan |
| 702 | 0 | @a高瑞亭@4译@Agao rui ting |
| 801 | 0 | @aCN@b上海图书馆 @c20060911 |
| 905 | @a10447@dTG115.5@e36 | |
| 光弹性贴片法/(美)赞德曼,Zandm著/高瑞亭,黄杰藩译 .-北京:机械工业出版社,1980 |
| 182页;19cm |
| 书名原文:Photoelastic coatings |
| ISBN :CNY0.66 |
| ● |
| 相关链接 |
|
|
|
|
正题名:光弹性贴片法
索取号:TG115.5/36
 
预约/预借
| 序号 | 登录号 | 条形码 | 馆藏地/架位号 | 状态 | 备注 |
| 1 | 0470521 | 204705211 | 密集书库/ [索取号:TG115.5/36] | 在馆 |